Finančno-ekonomické postavenie podniku na trhu

Enregistré dans:
Détails bibliographiques
Auteur principal: Feranecová, Adela, 1986-
Format: Chapitre de livre
Langue:slovaque
Tags: Ajouter un tag
Pas de tags, Soyez le premier à ajouter un tag!

MARC

LEADER 00000nla a2200000 4500
001 0238442
005 20240502073846.4
041 0 |a slo 
044 |a SK 
245 1 0 |a Finančno-ekonomické postavenie podniku na trhu  |c Adela Feranecová 
500 |a Abstrakt 
100 1 |a Feranecová, Adela, 1986-